| 000 | 00596nam a2200205 i 4500 | ||
|---|---|---|---|
| 001 | 98120 | ||
| 003 | ES-MaACL | ||
| 005 | 20240421063022.0 | ||
| 007 | t| | ||
| 008 | 050726s1977 sp ||||1| spa d | ||
| 100 | 1 |
_aMarrodán, Mario Ángel, _d1932-2005 _977080 |
|
| 245 | 1 | 0 |
_aEpoca épica / _cMario Angel Marrodán. |
| 260 |
_aBarcelona : _bVosgos, _c1977. |
||
| 300 |
_a84 p., 1 lám. (1). ; _c18 cm. |
||
| 490 | 1 |
_aNudo al alba ; _v58 |
|
| 500 | _a(1) Ret. aut. | ||
| 830 | 0 |
_aNudo al alba ; _v58 _9184345 |
|
| 852 |
_aES-MaACL _jA-7902 _bR.97277 |
||
| 999 |
_c98120 _d98120 |
||